[Event "Club Championships"]
[Site "Wellington Chess Club"]
[Date "2015.11.12"]
[Round "8"]
[White "Ker, Anthony"]
[Black "Nyberg, Michael"]
[Result "0-1"]
[WhiteElo "2435"]
[BlackElo "2122"]

1. e4 e6 2. d4 d5 3. e5 {Anthony's invariable response to the French} 3... Be7
{Michael is as unpredictable in the opening as Anthony is predictable, I think
he has never played this before} 4. Nf3 (4. Nd2 {is book} ) 4... c5 5. c3 Nc6
6. Bd3 Qb6 7. O-O Bd7 8. Nbd2 {Black can grab a pawn now, but there is plenty
of counterplay, and white is not losing, yet} 8... cxd4 9. cxd4 Nxd4 10. Nxd4
Qxd4 11. Nf3 Qb6 12. Be3 Bc5 (12... Qxb2 13. Rb1 Qa3 14. Rxb7 {is good for
white,black struggles to complete his development, e.g. } 14... Bc6 15. Rc7 Ba4
16. Qd2 Qb4 17. Rc3 Rd8 18. Rb1 {and black's pieces are all over the place} )
13. Bxc5 Qxc5 14. Qb3 Qc7 15. Rac1 Bc6 16. Nd4 Ne7 17. Nb5 ( {maybe} 17. Rfe1
{to hold the e pawn?} ) 17... Qxe5 {Black is now 2 pawns up, although he is
sure to lose one of them. He just needs to untangle himself a bit and he'll be
laughing!} 18. Qa3 Rd8 19. Rfe1 Qf4 20. g3 Qb8 21. Nxa7 Qd6 22. Qb3 O-O 23. Nb5
Qd7 24. Nd4 Ba4 {One of Michael's mysterious moves, he'll move the bishop back
a couple of moves later without having achieved anything} 25. Qb4 Rc8 26. Nf3
Bc6 27. Ne5 Qd8 28. Qd4 Ng6 (28... f6 29. Nxc6 Nxc6 30. Qe3 e5 {seems like a
decent plan} ) 29. Bxg6 hxg6 30. Rc3 {The computer would really rather white
advanced those queen side pawns} 30... Qa5 31. a3 Bb5 32. Rec1 Rxc3 33. Rxc3
Qd8 34. a4 Be8 35. f4 f6 36. Nf3 Qa5 (36... g5 $1 37. fxg5 e5 $1 {looks quite
gorgeous} ) 37. b3 Qa6 38. Re3 Bf7 39. Qc5 b6 40. Qc1 b5 $1 {black is making
headway at last} 41. axb5 Qxb5 42. Rc3 Qb6+ 43. Rc5 $2 ( {White doesn't have to
give up the b pawn, he can play} 43. Qe3) 43... Qxb3 44. Nd4 Qb6 $1 {lining up
against the king} 45. Kg2 e5 (45... g5 $1 {again is good} 46. fxg5 Bg6 $1 47.
gxf6 {e.g.} 47... Rxf6 {and white's king is too exposed} ) 46. fxe5 fxe5 47.
Nf3 Re8 (47... e4 $1 48. Ng5 d4 49. Nxe4 $2 Qb7) 48. h4 $2 {weakens the king's
position} 48... d4 ( {better} 48... e4 49. Ng5 e3 50. Nxf7 Kxf7 51. Rc7+ Kg8
52. Rc8 Rxc8 53. Qxc8+ Kh7 {etc} ) 49. Nxe5 $2 {he had to take with the rook}
49... Qb7+ 50. Kh2 Bd5 51. Qf4 $2 {losing} 51... Qb2+ 52. Kh3 Qg2+ 53. Kg4 Be6+
( {or} 53... Qe2+ {is mate in 7} 54. Nf3 (54. Kg5 Qh5#)  (54. Kh3 Bg2+ 55. Kh2
Bf3+ 56. Kh3 Qg2#) 54... Bxf3+ 55. Qxf3 Re4+ 56. Kg5 Qxf3 57. Rc8+ Kh7 58. Rh8+
Kxh8 59. Kxg6 Qf6+ 60. Kh5 Qh6#) 54. Kg5 Rf8 55. Qxd4 Qxg3+ 56. Ng4 Bxg4 57.
Qxg4 Qe3+ 0-1

[Event "Club Championships"]
[Site "Wellington Chess Club"]
[Date "2015.11.12"]
[Round "8"]
[White "Konakanchi, Karthik"]
[Black "Scarlett, William"]
[Result "0-1"]
[WhiteElo "1332"]
[BlackElo "1336"]

1. e4 e5 2. Nf3 Nc6 3. Bc4 Nf6 4. Ng5 d5 5. Bxd5 Nxd5 6. exd5 Qxd5 7. Nc3 Qxg2
8. Qf3 Qxg5 9. d3 Nd4 10. Qd1 Qd8 11. Be3 Bb4 12. Qd2 Nf3+ 13. Ke2 Nxd2 14.
Kxd2 Bxc3+ 15. Kxc3 Be6 16. Rhg1 g6 17. Kd2 e4 18. Rad1 exd3 19. cxd3 Bxa2 20.
Rde1 O-O 21. h4 Qxh4 22. Rh1 Qb4+ 23. Kc1 c5 24. Bd2 Qd4 25. Bc3 Qxd3 26. Rxh7
Qxc3+ 27. bxc3 Kxh7 28. Re7 b5 29. f4 Rfe8 30. Rxf7+ Bxf7 31. Kd2 a5 32. Kc2 a4
33. Kb2 a3+ 34. Ka1 Re2 35. c4 Bxc4 0-1

[Event "Club Championships"]
[Site "Wellington Chess Club"]
[Date "2015.11.12"]
[Round "8"]
[White "Konakanchi, Pramodh"]
[Black "Bennett, Ezra"]
[Result "1-0"]
[WhiteElo "1161"]
[BlackElo "1377"]

1. e4 e5 2. Nf3 Nc6 3. Bc4 Bc5 4. Nc3 Nge7 5. O-O f5 6. exf5 d5 7. Bb5 Bxf5 8.
Nxe5 O-O 9. h3 Nxe5 10. d4 Bxd4 11. Qxd4 c6 12. Qxe5 Ng6 13. Qd4 Bxc2 14. Bd3
Bxd3 15. Qxd3 Qe8 16. Bd2 Qd7 17. Na4 b6 18. Bc3 Nf4 19. Qd2 c5 20. b3 Rad8 21.
Be5 Ng6 22. Qg5 Rf5 23. Qd2 Rxe5 24. Rfe1 d4 25. Rxe5 Nxe5 26. Qf4 Nc6 27. Nb2
b5 28. Nd3 Qd5 29. Re1 Nb4 30. Nxb4 cxb4 31. Re5 Qc6 32. Qg5 Rb8 33. Rd5 Qc2
34. Rd8+ Rxd8 35. Qxd8+ Kf7 36. Qd7+ Kf6 37. Qxd4+ Kf5 38. g4+ Kg5 39. Qe5+ Kh6
40. Qh5# 1-0

[Event "Club Championships"]
[Site "Wellington Chess Club"]
[Date "2015.11.12"]
[Round "8"]
[White "Kulkarni, Yogesh"]
[Black "Dixon, Hamish"]
[Result "1-0"]
[WhiteElo "1430"]
[BlackElo "1613"]

1. c4 e5 2. Nc3 Nc6 3. g3 Nf6 4. Bg2 Bc5 5. d3 O-O 6. Nf3 Re8 7. O-O d6 8. Bg5
h6 9. Bxf6 Qxf6 10. Ne4 Qe7 11. Nxc5 dxc5 12. Nd2 Bd7 13. Re1 Rad8 14. Bxc6
Bxc6 15. Qc2 Qd7 16. Rad1 Qh3 17. f3 f5 18. e4 f4 19. Nf1 Rd6 20. Re2 h5 21.
Rg2 Rg6 22. gxf4 Rxg2+ 23. Qxg2 Qxg2+ 24. Kxg2 exf4 25. h4 Re6 26. Kf2 Kf7 27.
Nd2 Rg6 28. Rg1 Rd6 29. Ke2 g6 30. Rg5 b6 31. Nb1 Bd7 32. Nc3 c6 33. Kd2 Be6
34. b3 Rd4 35. Ne2 Rd6 36. Nxf4 Bd7 37. Ke3 Rf6 38. Ng2 Bh3 39. f4 Bg4 40. e5
Re6 41. Ne1 Bf5 42. Nf3 Bg4 43. Nh2 Bf5 44. Nf3 Bg4 45. Kf2 Bf5 46. Rxf5+ gxf5
47. Ng5+ Ke7 48. Nxe6 Kxe6 49. a3 a5 50. Ke2 Ke7 51. Kd2 Kd7 52. Kc3 Ke6 53. b4
axb4+ 54. axb4 cxb4+ 55. Kxb4 1-0

[Event "Club Championships"]
[Site "Wellington Chess Club"]
[Date "2015.11.12"]
[Round "8"]
[White "Lamerton, Troy"]
[Black "Sole, Michael"]
[Result "1/2-1/2"]
[WhiteElo "1659"]
[BlackElo "1657"]

1. e4 e5 2. Nf3 Nc6 3. d4 exd4 4. Bc4 Be7 5. Nxd4 Ne5 6. Bb3 d6 7. O-O Nf6 8.
Nc3 a6 9. f4 Ng6 10. Qe2 O-O 11. Bd2 Re8 12. f5 Ne5 13. Nf3 c6 14. Nxe5 dxe5
15. Be3 Bb4 16. Na4 (16. Bxf7+ $1 Kxf7 17. Qc4+) 16... Ba5 17. Rad1 Qc7 18. Bd2
Bxd2 19. Rxd2 b5 20. Nc3 Bb7 21. a3 Rad8 22. Rf3 Rxd2 23. Qxd2 Rd8 24. Qg5 h6
25. Qh4 Qd6 26. g4 Qd4+ 27. Kg2 Qc5 28. g5 Rd2+ 29. Kf1 hxg5 30. Qxg5 Rxh2 31.
Re3 Rh5 (31... Ng4 $1) 32. Qg3 {draw agreed} 1/2-1/2

[Event "Club Championships"]
[Site "Wellington Chess Club"]
[Date "2015.11.12"]
[Round "8"]
[White "Nijman, Brian"]
[Black "Dive, Russell"]
[Result "0-1"]
[WhiteElo "2157"]
[BlackElo "2429"]

1. d4 Nf6 2. Nf3 c5 3. c3 b6 4. Bg5 Ne4 5. Bf4 e6 6. Nfd2 Nxd2 7. Qxd2 Bb7 8.
e3 Be7 9. Bd3 O-O 10. O-O d5 11. a4 Nc6 12. Qe2 Bd6 13. Bxd6 Qxd6 14. f4 g6 15.
h4 Kg7 16. Nd2 f6 17. Qg4 e5 18. Bb5 Ne7 19. fxe5 fxe5 20. Qd7 Qxd7 21. Bxd7
Bc6 22. Be6 Rf6 23. Rxf6 Kxf6 24. Bg4 Nf5 25. Bxf5 Kxf5 26. Nf3 exd4 27. exd4
a5 28. g4+ Ke4 29. Kf2 Rf8 30. Re1+ Kd3 31. Kg3 Bxa4 32. Re6 Rb8 33. Rd6 Bb3
34. Ne5+ Kc2 35. dxc5 bxc5 36. Nd7 Rd8 0-1

[Event "Club Championships"]
[Site "Wellington Chess Club"]
[Date "2015.11.12"]
[Round "8"]
[White "Sellen, Ian"]
[Black "Perry, Roger"]
[Result "1/2-1/2"]
[WhiteElo "2077"]
[BlackElo "2099"]

1. c4 c5 2. g3 Nc6 3. Bg2 g6 4. Nc3 Bg7 5. Nf3 e5 6. O-O Nge7 7. d3 O-O 8. e4
d6 9. Be3 h6 10. a3 f5 11. Nd5 Nxd5 12. cxd5 Nd4 13. Nh4 Qf6 14. Bxd4 cxd4 15.
exf5 Bxf5 16. f4 Rae8 17. fxe5 Qxe5 18. Nxf5 Rxf5 19. Be4 Rxf1+ 20. Qxf1 Qg5
21. Rd1 Be5 22. Qg2 h5 23. Rf1 Qe3+ 24. Kh1 Kg7 25. Qh3 Re7 $6 {Gives me a
chance to cause some mischief on the back rank} 26. Qc8 Bf6 $6 {Black had a
slightly uncomfortable choice, but this gives me a tactic!} 27. Rxf6 {But this
is not the tactic! This is only good for a draw.}  (27. Bxg6 $1 Qe2 ( {not }
27... Kxg6 $2 28. Qf5+) 28. Qf5 {there may not be anything here, but at least I
would have been a pawn up!} ) 27... Kxf6 28. Qf8+ Rf7 29. Qxd6+ Kg7 30. Qxg6+
Kf8 31. Qd6+ Kg7 {draw agreed} 1/2-1/2

[Event "Club Championships"]
[Site "Wellington Chess Club"]
[Date "2015.11.12"]
[Round "8"]
[White "Stracy, Don"]
[Black "Stoeveken, Peter"]
[Result "1/2-1/2"]
[WhiteElo "1807"]
[BlackElo "1901"]

1. e4 c5 2. Nf3 Nc6 3. d4 cxd4 4. Nxd4 e5 5. Nb5 a6 6. Nd6+ Bxd6 7. Qxd6 Qe7 8.
Qxe7+ Ngxe7 9. Bd2 d5 10. exd5 Nxd5 11. Na3 Bf5 12. c3 Rd8 13. Be2 O-O 14. O-O
Rfe8 15. Nc4 Nf6 16. Bg5 Re6 17. Rad1 Rxd1 18. Rxd1 Ne4 19. Be3 b5 20. Nd2 Rd6
21. Nxe4 Rxd1+ 22. Bxd1 Bxe4 23. f4 f6 24. Kf2 Bd5 {And that's about as much as
I can understand. Draw agreed after 43 moves} 1/2-1/2

[Event "Club Championships"]
[Site "Wellington Chess Club"]
[Date "2015.11.12"]
[Round "8"]
[White "Wight, Joshua"]
[Black "Meravanage, Satwik"]
[Result "0-1"]
[WhiteElo "1484"]
[BlackElo "1398"]

1. e4 e5 2. Nf3 Nc6 3. Bb5 d6 4. d4 Bd7 5. O-O a6 6. Bxc6 Bxc6 7. dxe5 dxe5 8.
Nxe5 Bxe4 9. c3 Bd6 10. Nc4 Be7 11. Bf4 Bd3 12. Bxc7 Qxc7 13. Qxd3 Rd8 14. Qe2
b5 15. Ne3 Rd6 16. Nd2 Nf6 17. Rad1 O-O 18. Qf3 Rfd8 19. Qg3 Qd7 20. Qf3 Rxd2
21. Rxd2 Qxd2 22. Rd1 Qxb2 23. Rxd8+ Bxd8 24. Qa8 Qb1+ 25. Nf1 Qd3 26. Qxa6 Ne4
27. Qc6 Kf8 28. a4 bxa4 29. Qxa4 Nxc3 30. Qa3+ Ke8 31. h3 0-1

[Event "Club Championships"]
[Site "Wellington Chess Club"]
[Date "2015.11.12"]
[Round "8"]
[White "Zhao, Aiden"]
[Black "Bailey, Daniel"]
[Result "1-0"]
[WhiteElo "826"]
[BlackElo "1258"]

1. e4 c5 2. Nf3 d6 3. d4 cxd4 4. Nxd4 g6 5. Bb5+ Bd7 6. Bxd7+ Nxd7 7. O-O Ngf6
8. Nc3 e5 9. Bg5 Bg7 10. Ndb5 O-O 11. Nxd6 Qb6 12. Nc4 Qc6 13. Na5 Qa6 14. Bxf6
Nxf6 15. Nb3 Rad8 16. Qf3 b5 17. Qe2 Qc6 18. Qxb5 Qxb5 19. Nxb5 a6 20. Nc3 Bh6
21. Rad1 Rd7 22. Rxd7 Nxd7 23. Rd1 Nf6 24. Rd6 Bg5 25. Rxa6 Rd8 26. g3 Ng4 27.
h3 Nf6 28. h4 Nxe4 29. Nxe4 Be7 30. Nf6+ Kg7 31. Ng4 Rd1+ 32. Kg2 Rb1 33. Nxe5
Bf6 34. Nd7 Bxb2 35. c4 Rd1 36. Nb6 Rd6 37. c5 Rf6 38. Ra4 Bc3 39. Rc4 Be1 40.
f4 Re6 41. c6 Re2+ 42. Kf1 Re3 43. c7 Bxg3 44. c8=Q Re1+ 45. Kg2 Bxh4 46. Qh3
Re2+ 47. Kf3 Rf2+ 48. Ke3 1-0

[Event "Club Championships"]
[Site "Wellington Chess Club"]
[Date "2015.11.19"]
[Round "2"]
[White "Collings, Alex"]
[Black "Konakanchi, Karthik"]
[Result "0-1"]
[WhiteElo "979"]
[BlackElo "1332"]

1. e4 e5 2. d4 exd4 3. Qxd4 Nc6 4. Qd3 Nf6 5. Nc3 Bc5 6. Be3 Nb4 7. Qd2 Bxe3 8.
fxe3 O-O 9. O-O-O Re8 10. a3 Nc6 11. Qd3 Ng4 12. Qe2 d6 13. Qxg4 Bxg4 0-1

[Event "Club Championships"]
[Site "Wellington Chess Club"]
[Date "2015.11.19"]
[Round "3"]
[White "Konakanchi, Pramodh"]
[Black "Sole, Christopher"]
[Result "1-0"]
[WhiteElo "1161"]
[BlackElo "1178"]

1. e4 e5 2. Nf3 Nc6 3. Nc3 Nf6 4. Bc4 Bc5 5. Ng5 O-O 6. O-O d6 7. h3 Qe7 8. d3
Nd8 9. Bd5 c6 10. Bc4 b5 11. Bb3 Be6 12. Bxe6 Nxe6 13. Nxe6 Qxe6 14. a3 Rad8
15. b4 Bd4 16. Bb2 d5 17. exd5 Nxd5 18. Nxd5 Bxb2 19. Rb1 Qxd5 20. Rxb2 Rfe8
21. Re1 Re6 22. Qg4 Rf6 23. Re3 Qd4 24. Rg3 Qxf2+ 25. Kh2 Rg6 26. Qh4 f6 27.
Ra2 Rd4 28. c3 Rxh4 29. Rxf2 Rf4 30. Rxf4 exf4 31. Rf3 Kf7 32. Rxf4 Ke6 33. g4
Rg5 34. Kg3 Re5 35. Kf3 g5 36. Rd4 Rd5 37. Ke4 Re5+ 38. Kf3 Rd5 39. Ke3 Re5+
40. Re4 Rxe4+ 41. Kxe4 h6 $4 {this innocuous looking move actually loses}  (
41... a6 42. c4 Ke7 43. Kf5 Kf7 $10) 42. c4 a6 43. c5 $1 {the only move to win}
43... Kd7 (43... Ke7 44. Kf5 Kf7 45. d4 Ke7 46. Ke4 Ke6 47. d5+ cxd5+ 48. Kd4)
44. Kf5 Ke7 45. Kg6 Ke6 46. Kxh6 Kd5 47. Kg6 Kd4 48. Kxf6 Kxd3 49. Kxg5 Kc3 50.
h4 Kb3 51. h5 Kxa3 52. h6 Kxb4 53. h7 a5 54. h8=Q a4 55. Qd4+ Kb3 56. Kf4 a3
57. Qd1+ Kb2 58. Qd4+ Kb3 59. Ke3 a2 60. Qd1+ Kb2 61. Qd2+ Kb1 62. Qb4+ Kc2 63.
Qe4+ Kb2 64. Qb4+ Kc2 65. Qd2+ Kb1 66. Kd3 a1=Q 67. Qc2# 1-0

[Event "Club Championships"]
[Site "Wellington Chess Club"]
[Date "2015.11.19"]
[Round "6"]
[White "Lamerton, Troy"]
[Black "Asplet, Mike"]
[Result "1-0"]
[WhiteElo "1659"]
[BlackElo "1536"]

1. e4 e5 2. Nf3 Nc6 3. d4 exd4 4. Bc4 Bb4+ 5. c3 dxc3 6. O-O d6 7. a3 Bc5 8. b4
Bb6 9. Qb3 Qf6 10. Bg5 Qg6 11. Nxc3 Be6 12. a4 Bxc4 13. Qxc4 a5 14. b5 Ne5 15.
Nxe5 dxe5 16. Bh4 Nf6 17. Bg3 O-O 18. Kh1 Rfe8 19. f3 Nh5 20. Bf2 Nf4 21. g3
Nh3 22. Bxb6 cxb6 23. Nd5 Rac8 24. Ne7+ $1 Kf8 25. Nxg6+ fxg6 26. Qe2 Kg8 27.
f4 exf4 28. gxf4 Rc7 29. Kg2 Rc3 30. Rf3 1-0

[Event "Club Championships"]
[Site "Wellington Chess Club"]
[Date "2015.11.19"]
[Round "9"]
[White "Barraza, Jesse"]
[Black "Jackson, Ross"]
[Result "0-1"]
[WhiteElo "1710"]
[BlackElo "1981"]

1. e4 c5 2. Nc3 Nc6 3. Bb5 Nf6 4. Nf3 e6 5. Bxc6 dxc6 6. d3 Be7 7. O-O Qc7 8.
e5 Nd5 9. Ne4 O-O 10. c4 Nb4 11. a3 Na6 12. Re1 Nb8 {So after the 12th move the
g8 knight is on b8. Kids, don't try this at home!} 13. Nfg5 Qxe5 $6 14. Nxh7 $1
Qf5 15. Nxf8 Bxf8 16. Re3 Nd7 17. Rh3 Be7 18. Be3 b6 19. Rf3 Qh5 20. Ng3 Qg4
21. Ne4 Ne5 22. Rg3 Qxd1+ 23. Rxd1 f6 24. f4 Nf7 25. d4 cxd4 26. Bxd4 e5 27.
fxe5 fxe5 28. Bc3 Bf5 29. Nf2 Re8 30. Rf3 g6 31. g4 Be6 32. b3 a5 33. a4 Bc5
34. h3 Ng5 35. Rfd3 Rf8 36. Rf1 e4 37. h4 Nf3+ 38. Rxf3 Rxf3 39. Be1 Bxg4 40.
Kg2 Bf5 41. Bd2 Rxb3 42. Bg5 e3 43. Nh1 Be4+ 0-1

[Event "Club Championships"]
[Site "Wellington Chess Club"]
[Date "2015.11.19"]
[Round "9"]
[White "Brockway, Andrew"]
[Black "Stracy, Don"]
[Result "1-0"]
[WhiteElo "1772"]
[BlackElo "1756"]

1. e4 c5 2. Nc3 Nc6 3. Bb5 Nd4 4. Bc4 e6 5. Nge2 a6 6. d3 b5 7. Bb3 Nxb3 8.
axb3 Bb7 9. O-O Nf6 10. Bg5 Be7 11. f4 O-O 12. f5 exf5 13. Rxf5 d6 14. Ng3 Bc8
15. Bxf6 Bxf6 16. Rf1 Be6 17. Nf5 Bxf5 18. Rxf5 Bd4+ 19. Kh1 g6 20. Rf3 b4 21.
Na4 d5 22. exd5 Rb8 23. c3 bxc3 24. bxc3 Bg7 25. Nxc5 Bxc3 26. Rc1 Bg7 27. Nxa6
Rb6 28. Rc6 Rxc6 29. dxc6 Qb6 30. d4 Qxa6 31. d5 Qb6 32. Qc2 Ra8 33. Rf1 Be5
34. Qd3 Qc7 35. g3 Qd6 36. Rd1 Ra1 37. Rxa1 Bxa1 38. Qc4 Bf6 39. c7 1-0

[Event "Club Championships"]
[Site "Wellington Chess Club"]
[Date "2015.11.19"]
[Round "9"]
[White "Coghini, Phillip"]
[Black "Aldridge, Alan"]
[Result "1/2-1/2"]
[WhiteElo "1757"]
[BlackElo "1939"]

1. d4 Nf6 2. c4 c5 3. d5 b5 4. Bf4 g6 5. f3 Bg7 6. Qc2 O-O 7. e4 d6 8. Nd2 e6
9. Bd3 Nh5 10. Be3 Na6 11. a3 bxc4 12. Bxc4 exd5 13. Bxd5 Rb8 14. Rb1 Qf6 15.
b3 Nc7 16. Ne2 Nxd5 17. exd5 Qe5 18. Nc4 Qe7 19. g4 Nf6 20. Nc3 Re8 21. O-O Ba6
22. Rfe1 Qd8 23. Bf4 Bxc4 24. bxc4 {draw agreed} 1/2-1/2

[Event "Club Championships"]
[Site "Wellington Chess Club"]
[Date "2015.11.19"]
[Round "9"]
[White "Dive, Russell"]
[Black "Timergazi, Layla"]
[Result "1-0"]
[WhiteElo "2439"]
[BlackElo "2180"]

1. Nf3 d5 2. c4 d4 3. d3 c5 4. e3 Nc6 5. exd4 Nxd4 6. Nxd4 cxd4 7. Be2 e5 8.
O-O Bd6 9. Bf3 Ne7 10. b4 O-O 11. c5 Bc7 12. a4 Nd5 13. Bd2 Bf5 14. Qb3 Be6 15.
Qc2 f5 16. Na3 g5 17. g3 g4 18. Bg2 f4 19. Be4 h5 20. Nc4 h4 21. a5 a6 22. Qa4
Qg5 23. c6 hxg3 24. fxg3 Rad8 25. cxb7 Ne3 26. Qc6 Bxc4 27. Qxc7 Bf7 28. gxf4
exf4 29. Rxf4 g3 30. Bxe3 gxh2+ 31. Kxh2 Qh5+ 32. Kg3 1-0

[Event "Club Championships"]
[Site "Wellington Chess Club"]
[Date "2015.11.19"]
[Round "9"]
[White "Forster, Bill"]
[Black "Nijman, Brian"]
[Result "0-1"]
[WhiteElo "2088"]
[BlackElo "2157"]

1. Nf3 e6 2. g3 f5 3. Bg2 Nf6 4. d4 c6 5. Nbd2 Be7 6. O-O O-O 7. Nc4 d6 8. a4
Ne4 9. Nfd2 Nd7 10. f3 Nxd2 11. Bxd2 d5 12. Ne5 Nxe5 13. dxe5 Qb6+ 14. Kh1 Qxb2
15. f4 Qb6 16. Rf3 Qc7 17. Rb3 Bd7 18. Rab1 Rab8 19. R1b2 c5 20. Qb1 Bc6 21.
Kg1 c4 22. Rc3 Bc5+ 23. Be3 Bxe3+ 24. Rxe3 d4 25. Ra3 Be4 26. Qa2 Rfd8 27. Rb4
Rbc8 28. a5 Qc5 29. Raa4 d3+ 30. Kf1 d2 31. Qxc4 d1=R# 0-1

[Event "Club Championships"]
[Site "Wellington Chess Club"]
[Date "2015.11.19"]
[Round "9"]
[White "Meravanage, Satwik"]
[Black "Cunningham, Patrick"]
[Result "0-1"]
[WhiteElo "1398"]
[BlackElo "1657"]

1. e4 e5 2. Nf3 Nc6 3. Bb5 Nge7 4. d4 exd4 5. Nxd4 Nxd4 6. Qxd4 a6 7. Bd3 Nc6
8. Qd5 Be7 9. Bc4 O-O 10. Nc3 d6 11. Qh5 Ne5 12. Bb3 Bg4 0-1

[Event "Club Championships"]
[Site "Wellington Chess Club"]
[Date "2015.11.19"]
[Round "9"]
[White "Nyberg, Michael"]
[Black "Croad, Nicolas"]
[Result "0-1"]
[WhiteElo "2122"]
[BlackElo "2420"]

1. e4 c5 2. Nf3 d6 3. Bb5+ Nd7 4. d4 cxd4 5. Qxd4 a6 6. Bc4 Ngf6 7. e5 Nxe5 8.
Nxe5 Qa5+ 9. Bd2 Qxe5+ 10. Qxe5 dxe5 11. Bc3 Bf5 12. Bb3 Nd7 13. Na3 b5 14.
O-O-O e6 15. Ba5 Bc5 16. f3 Ke7 17. Rhe1 Rhc8 18. Nb1 f6 19. Nc3 Nb8 20. Ne4
Bxe4 21. Rxe4 Nc6 22. Bc3 a5 23. a4 b4 24. Be1 Nd4 25. Bc4 Bd6 26. b3 Rxc4 27.
bxc4 Rc8 28. Bf2 f5 29. Rh4 Ne2+ 30. Kd2 Nc3 31. Re1 e4 32. Rxh7 Be5 33. Rf1
Kf7 34. Bg3 f4 35. Rh5 e3+ 36. Kc1 e2 37. Re1 Rd8 38. Bh4 Rd1+ 39. Kb2 g5 40.
Rxg5 Bf6 41. c5 Bxg5 42. Bf2 Ke7 43. Kb3 Kd7 44. Kc4 Kc6 45. h4 Bf6 46. g4 fxg3
47. Bxg3 Rd4+ 48. Kb3 Bxh4 49. Bxh4 Rxh4 50. Rg1 Rd4 51. f4 Rd1 0-1

[Event "Club Championships"]
[Site "Wellington Chess Club"]
[Date "2015.11.19"]
[Round "9"]
[White "Perry, Roger"]
[Black "Ker, Anthony"]
[Result "0-1"]
[WhiteElo "2099"]
[BlackElo "2435"]

1. e4 d6 2. d4 Nf6 3. Nc3 g6 4. f4 Bg7 5. Nf3 c5 6. dxc5 Qa5 7. Qd4 dxc5 8. Qc4
O-O 9. e5 Be6 10. Qb5 Qxb5 11. Nxb5 Nd5 12. Bd2 Nc6 13. O-O-O Rad8 14. Bd3 Ndb4
15. Bxb4 Nxb4 16. a3 Nxd3+ 17. Rxd3 Rxd3 18. cxd3 Rd8 19. Rd1 Bg4 20. Kd2 Bxf3
21. gxf3 Bh6 22. Ke3 f6 23. exf6 exf6 24. Nxa7 Re8+ 25. Kf2 Bxf4 26. h3 Be5 27.
Rd2 Bd4+ 28. Kg2 Re1 29. Nb5 Be3 30. Rc2 Rg1+ 31. Kh2 Rd1 32. Nc3 Rxd3 33. Ne4
b6 34. Nxf6+ Kf7 35. Ne4 Ke6 36. Kg2 h6 37. a4 Kd5 38. Nc3+ Kc4 39. Nd1+ Kb3
40. Nxe3 Rxe3 41. Rd2 Re6 42. Kg3 Kxa4 43. Kg4 Kb3 44. f4 c4 45. f5 Re4+ 0-1

[Event "Club Championships"]
[Site "Wellington Chess Club"]
[Date "2015.11.19"]
[Round "9"]
[White "Rossiter, Philip"]
[Black "Farrington, Lawrence"]
[Result "0-1"]
[WhiteElo "1910"]
[BlackElo "1829"]

1. Nf3 Nf6 2. c4 Nc6 3. Nc3 e5 4. g3 d5 5. cxd5 Nxd5 6. Bg2 Nb6 7. d3 Be7 8. a3
O-O 9. b4 Be6 10. Bb2 a5 11. b5 Nd4 12. Nxe5 Bf6 13. Nf3 Bb3 14. Qc1 Nc2+ 15.
Kf1 Nxa1 16. Qxa1 c6 17. Ne4 Bxb2 18. Qxb2 Bd5 19. Nc3 Qc7 20. Nh4 Bxg2+ 21.
Kxg2 f5 22. Rc1 Rac8 23. Nf3 h6 24. Nd4 Qe5 25. Qb3+ Kh7 26. e3 Nd5 27. Nf3 Qd6
28. bxc6 bxc6 29. Ne2 c5 30. Qb5 Qb6 31. Qc4 Nf6 32. Nf4 Rfe8 33. Nd5 Nxd5 34.
Qxd5 Rf8 35. Rc4 Qc6 36. Qe5 Qc7 37. Qc3 Qd8 38. Rxc5 Rxc5 39. Qxc5 Rf6 40. d4
Qb6 41. Qe5 a4 42. Nh4 Qe6 43. Qxe6 Rxe6 44. Nxf5 Rb6 45. d5 Kg6 46. e4 Rb3 47.
Nd4 Rxa3 48. Nb5 Rd3 49. d6 Kf6 50. f4 g6 51. e5+ Ke6 52. Nc7+ Kd7 53. Na6 Rd2+
54. Kf3 a3 55. Nc5+ Kd8 56. Ke3 Rc2 {White lost on time} 0-1

[Event "Club Championships"]
[Site "Wellington Chess Club"]
[Date "2015.11.19"]
[Round "9"]
[White "Scarlett, William"]
[Black "Zhao, Aiden"]
[Result "1-0"]
[WhiteElo "1336"]
[BlackElo "826"]

1. e4 e5 2. Nf3 Nc6 3. Bc4 Bc5 4. Nxe5 Nxe5 5. d4 Nxc4 6. dxc5 Nf6 7. O-O O-O
8. Bg5 h6 9. Bh4 d5 10. exd5 Qxd5 11. Bxf6 Qxd1 12. Rxd1 gxf6 13. b3 Na5 14.
Nc3 Bf5 15. Rac1 Nc6 16. Nd5 Be6 17. Nxc7 Rac8 18. Nxe6 fxe6 19. Rd2 Rfd8 20.
Rcd1 Rxd2 21. Rxd2 Nb4 22. c3 Nd5 23. c4 Nf4 24. b4 b6 25. cxb6 axb6 26. Rc2
Rd8 27. f3 Rd1+ 28. Kf2 Nd3+ 29. Ke2 Nxb4 30. Kxd1 Nxc2 31. Kxc2 Kf7 32. Kb3
Kg6 33. c5 bxc5 34. a4 f5 35. a5 e5 36. a6 e4 37. fxe4 fxe4 38. a7 e3 39. a8=Q
1-0

[Event "Club Championships"]
[Site "Wellington Chess Club"]
[Date "2015.11.19"]
[Round "9"]
[White "Sole, Michael"]
[Black "Kulkarni, Yogesh"]
[Result "0-1"]
[WhiteElo "1657"]
[BlackElo "1430"]

1. e4 d6 2. d4 Nf6 3. Nc3 g6 4. Be3 Bg7 5. f3 Nbd7 6. Qd2 h5 7. h4 Nb6 8. O-O-O
c6 9. Be2 Bd7 10. Kb1 Qc7 11. Nh3 Bxh3 12. Rxh3 O-O-O 13. Bg5 Kb8 14. g4 Rd7
15. Qe3 e5 16. d5 cxd5 17. Bxf6 d4 18. Bxg7 dxe3 19. Bxh8 Nc4 20. Nd5 Qc5 21.
Rhh1 Nd2+ 22. Kc1 a6 23. Bf6 (23. Nxe3 Nxe4 24. Rd3 Ng3 $15)  (23. gxh5 $1 gxh5
24. Bf6 b5 25. Bg5) 23... b5 24. Bg5 ( {again} 24. gxh5) 24... Nc4 25. Rd3 (
{and again!} 25. gxh5 gxh5 26. Bxc4 Qxc4 27. Kb1 e2 28. Rd2 $16) 25... f5 26.
Bxe3 (26. gxf5 gxf5 27. exf5 Rf7 28. f6 $16) 26... Nxe3 27. Rxe3 hxg4 28. fxg4
fxe4 29. Rd1 Rf7 30. b4 Qa7 31. Rxe4 Rf2 32. Rf1 Rxf1+ 33. Bxf1 $10 Qf7 34. Ne3
Qxa2 35. g5 (35. Kd2 $1) 35... d5 36. Rg4 d4 37. Nd1 Qa3+ 38. Kd2 Qxb4+ 39. Kc1
a5 40. Bd3 a4 41. Bxg6 Qa3+ 42. Kd2 Qf3 43. Re4 a3 44. Rxe5 Qf4+ 45. Kd3 Qxe5
46. Bf7 Qf5+ 47. Kxd4 Qxf7 48. Nc3 a2 0-1

[Event "Club Championships"]
[Site "Wellington Chess Club"]
[Date "2015.11.19"]
[Round "9"]
[White "Stoeveken, Peter"]
[Black "Forlong-Ford, Colwyn"]
[Result "1-0"]
[WhiteElo "1901"]
[BlackElo "1752"]

1. d4 e6 2. Nf3 d5 3. Bf4 Nc6 4. c3 Nf6 5. e3 Bd6 6. Bxd6 Qxd6 7. Bd3 O-O 8.
Qc2 e5 9. dxe5 Nxe5 10. Nbd2 Bg4 11. Be2 Nxf3+ 12. Nxf3 Ne4 13. O-O Rfe8 14.
Nd4 Bxe2 15. Qxe2 c6 16. Rad1 Re5 17. f4 Ree8 18. Rf3 Nf6 19. Rg3 g6 20. f5 Re4
21. Rf1 Nh5 22. Rh3 Rae8 23. fxg6 hxg6 24. Rhf3 f5 25. Qf2 Nf6 26. h3 R8e5 27.
Rg3 Nh5 28. Rf3 Qc5 29. g4 fxg4 30. Rf8+ Kg7 31. Qf7+ Kh6 32. h4 1-0